000 00494nam a2200169Ia 4500
999 _c12420
_d12420
003 OSt
005 20201116112724.0
008 190216s9999||||xx |||||||||||||| ||und||
040 _coclc
082 _a591.989
_bDUR/D
100 _aDurrell, Gerald
_96602
245 4 _aThe Drunken Forest /
_cGerald Durrell
260 _bHeinemann Educational,
_c1967.
_aLondon:
300 _a239p
650 _aMiscellanious Writting
942 _cBK
_2ddc
_h591.989
_iDUR/D
_k591.989
_mDUR/D